000 00326nam a2200145Ia 4500
008 230718s9999 xx 000 0 und d
041 _aEng.
082 _a912.7
_bKIN-G
100 _aKing, Jeff
245 0 _aGeorge Gharam
260 _aPakistan
_bLondon and New York
_c1395
300 _a378
650 _aLaw
999 _c26199
_d26199